Zai sheng neng yuan (Record no. 134767)

MARC details
000 -LEADER
fixed length control field 00712nam a2200241 i 4500
001 - CONTROL NUMBER
control field C2-0337051
003 - CONTROL NUMBER IDENTIFIER
control field PPAK
005 - DATE AND TIME OF LATEST TRANSACTION
control field 20180728135904.0
008 - FIXED-LENGTH DATA ELEMENTS--GENERAL INFORMATION
fixed length control field 160718s2014 cc a|||| ||||| | chi d
020 ## - INTERNATIONAL STANDARD BOOK NUMBER
International Standard Book Number 9787538582130
040 ## - CATALOGING SOURCE
Original cataloging agency PPAK
Language of cataloging eng
Transcribing agency PPAK
Description conventions rda
082 04 - DEWEY DECIMAL CLASSIFICATION NUMBER
Classification number 333.794
Edition number 23
090 00 - LOCALLY ASSIGNED LC-TYPE CALL NUMBER (OCLC); LOCAL CALL NUMBER (RLIN)
Classification number (OCLC) (R) ; Classification number, CALL (RLIN) (NR) 333.794
Feature heading ZIS
Feature heading K
100 1# - MAIN ENTRY--PERSONAL NAME
Personal name Zi, Shang Mo Fang,
Relator term author
245 10 - TITLE STATEMENT
Title Zai sheng neng yuan
264 #1 - PRODUCTION, PUBLICATION, DISTRIBUTION, MANUFACTURE, AND COPYRIGHT NOTICE
Place of production, publication, distribution, manufacture Changchun :
Name of producer, publisher, distributor, manufacturer Bei fang fu nu er tong chu ban she ,
Date of production, publication, distribution, manufacture, or copyright notice 2014
300 ## - PHYSICAL DESCRIPTION
Extent 122 pages :
Other physical details colour illustrations ;
Dimensions 24 cm
336 ## - CONTENT TYPE
Source rdacontent
Content type term text
337 ## - MEDIA TYPE
Source rdamedia
Media type term unmediated
338 ## - CARRIER TYPE
Source rdacarrier
Carrier type term volume
650 10 - SUBJECT ADDED ENTRY--TOPICAL TERM
Topical term or geographic name entry element Renewable energy sources - Juvenile literature.
942 ## - ADDED ENTRY ELEMENTS (KOHA)
-- dc
Koha item type Book
Holdings
Withdrawn Not for loan Current library Shelving location Date acquired Total Checkouts Full call number Barcode Date last seen Date last checked out Koha item type
    Perpustakaan Alor Setar Pinjaman Kanak-kanak 07/08/2016 4 K 333.794 ZIS A01482163 19/06/2024 30/05/2024 Book